[Event "Benidorm 2013 - Torneo sub2000"]
[Site "Benidorm ESP"]
[Date "2013.12.07"]
[Round "10.12"]
[White "Bilescu, Lucian-Wolfgang"]
[Black "Blondel, Jerome"]
[Result "1-0"]
[WhiteElo "1970"]
[BlackElo "1924"]
[PlyCount "41"]
[EventDate "2013.11.29"]
[EventRounds "10"]
[EventCountry "ESP"]
[Source "lmi"]
[SourceDate "2013.11.29"]

1. e4 d5 2. exd5 Qxd5 3. Nc3 Qd6 4. d4 a6 5. Nf3 Nf6 6. g3 Bg4 7. h3 Bh5 8. Bg2
Nc6 9. g4 Bg6 10. Qe2 Nb4 11. O-O Nxc2 12. Ne5 Nxa1 13. Bxb7 Rd8 14. Bc6+ Nd7
15. Qxa6 f6 16. Nxd7 Rxd7 17. Nb5 Qb4 18. Nxc7+ Kd8 19. Ne6+ Ke8 20. Qc8+ Kf7
21. Bxd7 1-0

[Event "Benidorm 2013 - Torneo sub2000"]
[Site "Benidorm ESP"]
[Date "2013.12.07"]
[Round "10.14"]
[White "Castrillon Otero, Javier"]
[Black "Moya Mallafre, Erik"]
[Result "1-0"]
[WhiteElo "1929"]
[BlackElo "1959"]
[PlyCount "61"]
[EventDate "2013.11.29"]
[EventRounds "10"]
[EventCountry "ESP"]
[Source "lmi"]
[SourceDate "2013.11.29"]

1. d4 d5 2. c4 c6 3. e3 Nf6 4. Nc3 Bf5 5. cxd5 cxd5 6. Qb3 Qd7 7. Nf3 Nc6 8.
Ne5 Qc7 9. Nxd5 Nxd5 10. Qxd5 e6 11. Qc4 Bb4+ 12. Kd1 Qb6 13. Qb5 Qxb5 14. Bxb5
Ke7 15. Bxc6 f6 16. Bxb7 fxe5 17. Bxa8 Rxa8 18. Bd2 Bd6 19. Bc3 exd4 20. exd4
Be4 21. f3 Bd5 22. Re1 Bxh2 23. Rh1 Bf4 24. Rxh7 Kf6 25. Bd2 Kg6 26. Rh4 Bd6
27. Bf4 Bf8 28. Be5 Kf5 29. Rf4+ Kg5 30. Rf7 g6 31. Kc2 1-0

[Event "Benidorm 2013 - Torneo sub2000"]
[Site "Benidorm ESP"]
[Date "2013.12.07"]
[Round "10.18"]
[White "Oliva Llorens, Antoni"]
[Black "Ingunza Lopez, Txema"]
[Result "1-0"]
[WhiteElo "1918"]
[BlackElo "1993"]
[PlyCount "53"]
[EventDate "2013.11.29"]
[EventRounds "10"]
[EventCountry "ESP"]
[Source "lmi"]
[SourceDate "2013.11.29"]

1. d4 Nf6 2. g3 d5 3. Nf3 c6 4. Bg2 Bf5 5. O-O e6 6. c4 Bd6 7. Nc3 Ne4 8. Nh4
Nxc3 9. bxc3 Bg6 10. Nxg6 hxg6 11. cxd5 exd5 12. e4 dxe4 13. Bxe4 O-O 14. Qb3
Qb6 15. Rb1 Qxb3 16. Rxb3 Re8 17. Bf3 Re7 18. Be3 Rc7 19. c4 b6 20. c5 bxc5 21.
dxc5 Be5 22. Rd1 Rc8 23. Be2 Kf8 24. Rb7 Ke8 25. Bf4 Bxf4 26. gxf4 Kf8 27. Bc4
1-0

[Event "Benidorm 2013 - Torneo sub2000"]
[Site "Benidorm ESP"]
[Date "2013.12.07"]
[Round "10.23"]
[White "Tirado Parra, Alberto"]
[Black "Touchefeu, Aurelien"]
[Result "1-0"]
[WhiteElo "1900"]
[BlackElo "1968"]
[PlyCount "75"]
[EventDate "2013.11.29"]
[EventRounds "10"]
[EventCountry "ESP"]
[Source "lmi"]
[SourceDate "2013.11.29"]

1. Nf3 d5 2. g3 c5 3. c4 d4 4. Bg2 Nc6 5. O-O e5 6. a3 f5 7. d3 Nf6 8. b4 cxb4
9. axb4 Bxb4 10. Nxe5 Nxe5 11. Qa4+ Nc6 12. Bxc6+ bxc6 13. Qxb4 Qe7 14. Qxe7+
Kxe7 15. Ba3+ Kf7 16. Bc5 Re8 17. Re1 f4 18. Bxd4 Bf5 19. Nd2 a5 20. Nf3 Nd7
21. Bc3 a4 22. Nd4 Bg4 23. f3 Bh3 24. Nxc6 Ra6 25. Nb4 Rae6 26. Kf2 Ra8 27. Nd5
fxg3+ 28. hxg3 Ra7 29. g4 h5 30. Nf4 hxg4 31. Nxe6 Kxe6 32. Kg3 Kf5 33. fxg4+
Bxg4 34. Rf1+ Kg5 35. Bd2+ Kh5 36. Rh1+ Kg6 37. Kxg4 a3 38. Ra2 1-0

[Event "Benidorm 2013 - Torneo sub2000"]
[Site "Benidorm ESP"]
[Date "2013.12.07"]
[Round "10.24"]
[White "Lopez Heras, Arturo"]
[Black "Portillo Castellon, Javier"]
[Result "0-1"]
[WhiteElo "1966"]
[BlackElo "1877"]
[PlyCount "52"]
[EventDate "2013.11.29"]
[EventRounds "10"]
[EventCountry "ESP"]
[Source "lmi"]
[SourceDate "2013.11.29"]

1. e4 c6 2. d4 d5 3. e5 c5 4. Nf3 Nc6 5. Bb5 e6 6. O-O Qb6 7. Bxc6+ bxc6 8.
dxc5 Bxc5 9. Nc3 Ba6 10. Na4 Qa5 11. Nxc5 Qxc5 12. Re1 Ne7 13. Be3 Qb4 14. Nd4
Qxb2 15. Qg4 O-O 16. Reb1 Qc3 17. h4 c5 18. Bh6 Ng6 19. Nxe6 Bc8 20. h5 Bxe6
21. Qd1 gxh6 22. hxg6 hxg6 23. Rb3 Qxe5 24. Re3 Qf6 25. Rf3 Qg7 26. a4 Bg4 0-1

[Event "Benidorm 2013 - Torneo sub2000"]
[Site "Benidorm ESP"]
[Date "2013.12.07"]
[Round "10.25"]
[White "Cardenas, Fernando Adrian"]
[Black "Nazarov, Alexander"]
[Result "0-1"]
[WhiteElo "1959"]
[BlackElo "1873"]
[PlyCount "44"]
[EventDate "2013.11.29"]
[EventRounds "10"]
[EventCountry "ESP"]
[Source "lmi"]
[SourceDate "2013.11.29"]

1. Nf3 d6 2. d4 f5 3. c4 Nf6 4. g3 g6 5. Bg2 Bg7 6. O-O O-O 7. Nc3 Nc6 8. d5
Na5 9. Qd3 c5 10. Ng5 h6 11. Ne6 Bxe6 12. dxe6 Rb8 13. e4 Ng4 14. exf5 gxf5 15.
Bd5 Qe8 16. h3 Ne5 17. Qe2 Qg6 18. Kh2 Nec6 19. Bf4 Nd4 20. Qd3 Kh8 21. Rad1
Nac6 22. Nb5 Nb4 0-1

[Event "Benidorm 2013 - Torneo sub2000"]
[Site "Benidorm ESP"]
[Date "2013.12.07"]
[Round "10.33"]
[White "Navarro Martinez, Daniel"]
[Black "Morello Ostos, Domingo"]
[Result "1-0"]
[WhiteElo "1870"]
[BlackElo "1998"]
[PlyCount "71"]
[EventDate "2013.11.29"]
[EventRounds "10"]
[EventCountry "ESP"]
[Source "lmi"]
[SourceDate "2013.11.29"]

1. e4 c5 2. Nf3 Nc6 3. d4 cxd4 4. Nxd4 Nf6 5. Nc3 e5 6. Ndb5 d6 7. Bg5 a6 8.
Na3 Be6 9. Nc4 Rc8 10. Bxf6 gxf6 11. Ne3 Nd4 12. Bd3 h5 13. Ncd5 Bh6 14. Qxh5
Bxd5 15. exd5 Nxc2+ 16. Bxc2 Rxc2 17. O-O Ke7 18. Nf5+ Kf8 19. Nxh6 Qc7 20. Qh4
Qd8 21. Qe4 Qc8 22. Nf5 Rh5 23. Nxd6 Qc7 24. Nxb7 Rxb2 25. Qf3 Rh4 26. Qxf6 Rh5
27. Qd6+ Qxd6 28. Nxd6 Rb4 29. f3 Ke7 30. Ne4 f5 31. d6+ Ke6 32. Rfd1 Rd4 33.
d7 Rh8 34. Nc5+ Kd5 35. Rxd4+ exd4 36. Re1 1-0

[Event "Benidorm 2013 - Torneo sub2000"]
[Site "Benidorm ESP"]
[Date "2013.12.07"]
[Round "10.39"]
[White "Poggiolini, Alessandro"]
[Black "Garcia Alvarez, Javier Ii"]
[Result "1-0"]
[WhiteElo "1971"]
[BlackElo "1805"]
[PlyCount "53"]
[EventDate "2013.11.29"]
[EventRounds "10"]
[EventCountry "ESP"]
[Source "lmi"]
[SourceDate "2013.11.29"]

1. e4 e6 2. d4 d5 3. Nd2 c6 4. Ngf3 Bb4 5. c3 Ba5 6. Bd3 Ne7 7. O-O Nd7 8. Re1
h6 9. e5 a6 10. Nf1 b5 11. Ng3 g6 12. h4 Bb7 13. h5 Qc7 14. a4 O-O-O 15. axb5
axb5 16. Qb3 Bb6 17. Bf4 Nf5 18. Nxf5 gxf5 19. Qa3 Nf6 20. exf6 Qxf4 21. Ne5
Rhg8 22. Nxf7 Qf3 23. Bf1 Rxg2+ 24. Bxg2 Rg8 25. Qa8+ Bxa8 26. Rxa8+ Kc7 27.
Rxg8 1-0

[Event "Benidorm 2013 - Torneo sub2000"]
[Site "Benidorm ESP"]
[Date "2013.12.07"]
[Round "10.40"]
[White "Yanez Acin, Gonzalo"]
[Black "Gonzalez Pabollet, Jesus Maria"]
[Result "1/2-1/2"]
[WhiteElo "1768"]
[BlackElo "1970"]
[PlyCount "45"]
[EventDate "2013.11.29"]
[EventRounds "10"]
[EventCountry "ESP"]
[Source "lmi"]
[SourceDate "2013.11.29"]

1. e4 c5 2. Nf3 a6 3. d4 cxd4 4. Nxd4 Nf6 5. Bd3 Nc6 6. c3 e5 7. Nb3 d5 8. exd5
Qxd5 9. O-O b5 10. Bg5 Be7 11. Bxf6 Bxf6 12. Qe2 Bb7 13. f3 Be7 14. N1d2 Rd8
15. Bc2 O-O 16. Qe4 Qxe4 17. Nxe4 a5 18. Rad1 Bc8 19. Rxd8 Rxd8 20. Rd1 Rxd1+
21. Bxd1 a4 22. Nc1 f5 23. Nf2 1/2-1/2

[Event "Benidorm 2013 - Torneo sub2000"]
[Site "Benidorm ESP"]
[Date "2013.12.07"]
[Round "10.42"]
[White "Correia, Sandra Ventura"]
[Black "Haddad Filho, Paulo Ibrahim"]
[Result "0-1"]
[WhiteElo "1761"]
[BlackElo "1940"]
[PlyCount "57"]
[EventDate "2013.11.29"]
[EventRounds "10"]
[EventCountry "ESP"]
[Source "lmi"]
[SourceDate "2013.11.29"]

1. e4 e5 2. Nf3 Nc6 3. d4 exd4 4. Bc4 Bb4+ 5. c3 dxc3 6. bxc3 Bc5 7. Bxf7+ Kxf7
8. Qd5+ Ke8 9. Qxc5 Qe7 10. Qc4 d6 11. O-O a6 12. Ba3 Qe6 13. Qd3 h6 14. Nbd2
Nf6 15. e5 dxe5 16. Rfe1 Kf7 17. Ne4 Qd5 18. Nfg5+ hxg5 19. Nxg5+ Kg8 20. Qc2
e4 21. Nxe4 Nxe4 22. Rad1 Qe5 23. Rxe4 Qxh2+ 24. Kf1 Qh1+ 25. Ke2 Qh5+ 26. f3
Bf5 27. Qb3+ Kh7 28. Rd5 Rhe8 29. Qc4 0-1

[Event "Benidorm 2013 - Torneo sub2000"]
[Site "Benidorm ESP"]
[Date "2013.12.07"]
[Round "10.43"]
[White "Gerona Maura, Jesus"]
[Black "De Esteban De Esteban, Valenti"]
[Result "1-0"]
[WhiteElo "1939"]
[BlackElo "1764"]
[PlyCount "73"]
[EventDate "2013.11.29"]
[EventRounds "10"]
[EventCountry "ESP"]
[Source "lmi"]
[SourceDate "2013.11.29"]

1. c4 e5 2. Nc3 Be7 3. g3 f5 4. Bg2 Nf6 5. e3 c6 6. Nge2 d6 7. d4 e4 8. O-O O-O
9. b4 d5 10. Qb3 Be6 11. c5 Na6 12. b5 cxb5 13. Qxb5 Qc7 14. Rb1 Rab8 15. Nf4
Bd7 16. Qb3 Kh8 17. Ncxd5 Nxd5 18. Nxd5 Qd8 19. Nxe7 Qxe7 20. Ba3 Qe6 21. d5
Qe5 22. Qc4 Nc7 23. c6 bxc6 24. Bxf8 Rxf8 25. dxc6 Be6 26. Qd4 Qxd4 27. exd4
Bxa2 28. Rb7 Rc8 29. Ra1 Bd5 30. Raxa7 Ne6 31. Rb6 h6 32. Rd7 Bxc6 33. Rd6 Nd8
34. Bh3 Ba4 35. Bxf5 Rc1+ 36. Kg2 Nf7 37. Rb8+ 1-0

[Event "Benidorm 2013 - Torneo sub2000"]
[Site "Benidorm ESP"]
[Date "2013.12.07"]
[Round "10.45"]
[White "Miquel Juan, Marcelo"]
[Black "Marquez Bernal, Florencio"]
[Result "1-0"]
[WhiteElo "1672"]
[BlackElo "1895"]
[PlyCount "73"]
[EventDate "2013.11.29"]
[EventRounds "10"]
[EventCountry "ESP"]
[Source "lmi"]
[SourceDate "2013.11.29"]

1. e4 c5 2. Nf3 Nc6 3. d4 cxd4 4. Nxd4 g6 5. c4 Nf6 6. Nc3 d6 7. Nc2 Bg7 8. Be2
O-O 9. O-O Be6 10. Rb1 a6 11. b3 Rc8 12. f3 Qb6+ 13. Kh1 Ng4 14. Qe1 Bxc3 15.
Qxc3 Nf2+ 16. Rxf2 Qxf2 17. Bh6 f6 18. Bxf8 Kxf8 19. Qd2 Ne5 20. Rf1 Qc5 21.
Nd4 Bd7 22. h3 Kg8 23. f4 Nf7 24. Bg4 Bxg4 25. hxg4 a5 26. g5 e5 27. Ne6 Qc6
28. gxf6 Qxe4 29. Ng5 Qc6 30. Nxf7 Kxf7 31. fxe5 dxe5 32. Qh6 Qe8 33. Qxh7+ Ke6
34. f7 Qf8 35. Qxg6+ Kd7 36. Qf5+ Kd6 37. Qxc8 1-0

[Event "Benidorm 2013 - Torneo sub2000"]
[Site "Benidorm ESP"]
[Date "2013.12.07"]
[Round "10.48"]
[White "Serrano Leiva, Ana"]
[Black "Gillespie, Gary"]
[Result "0-1"]
[WhiteElo "1624"]
[BlackElo "1877"]
[PlyCount "46"]
[EventDate "2013.11.29"]
[EventRounds "10"]
[EventCountry "ESP"]
[Source "lmi"]
[SourceDate "2013.11.29"]

1. e4 d5 2. exd5 Qxd5 3. Nc3 Qd6 4. d4 Nf6 5. Nf3 c6 6. Bc4 Bf5 7. h3 e6 8. Be3
h6 9. Qd2 Qc7 10. O-O-O Bb4 11. a3 Ne4 12. Qe1 Nxc3 13. Bd2 Nxd1 14. Bxb4 Nxb2
15. Kxb2 a5 16. Bxa5 Qxa5 17. Qe3 O-O 18. g4 Bh7 19. h4 Nd7 20. h5 Qa4 21. Qc3
b5 22. Bd3 Bxd3 23. Qxd3 b4 0-1